| 000 | 05362nam0a2200481 4500 | ||
|---|---|---|---|
| 001 | RU\NLR\BIBL_A\011958595 | ||
| 005 | 20250809113237.0 | ||
| 020 |
_aRU _9Ленинград в Великой Отечественной войне. Коллекция. Афиши |
||
| 035 | _a(NLR Aleph) 011958595 | ||
| 090 |
_a66595 _c66595 |
||
| 100 | _a20190313d1945 u y0rusy50 ca | ||
| 101 | 0 | _arus | |
| 102 | _aRU | ||
| 105 | _aa z 000zy | ||
| 135 | _acrcn 024anaba | ||
| 200 | 1 |
_aЯнварь 1945 г. [Репертуар _eафиша] _fУправление по делам искусств Исполкома Ленгорсовета, Ленинградский государственный театр кукол |
|
| 210 |
_a[Ленинград] _cЛТ УН-9 _d1945 |
||
| 215 |
_a1 л. _cцв. ил. _d42х58 |
||
| 300 | _aНачало спектаклей: в 4 ч., в воскресенье в 11 ч., 2. ч. 30 м. и в 6 ч. веч. Билеты продаются в кассе театра, ежедн. кроме понедельн. с 12 до 2 и с 3 до 6 ч. Принимаются заявки на коллективное посещение театра | ||
| 300 | _aЗак. 38 | ||
| 325 | _aКопия доступна в Электрон. б-ке РНБ | ||
| 327 | _a11, 12, 13. Спектаклей нет. 14 Января. Воскрес. Шелковая кисточка и концерт. Начало в 11 ч., 2 ч. 30 м. и 6 ч. Январь 16 Вторник, 17 Среда, 18 Четверг, 19 Пятница, 20 Суббота. О спектаклях будет объявлено особо. 21 января Воскрес. Каштанка. Автор Браусевич. Композитор Дешевов В.М. Постановщик Шапиро С.Н. Художник Рыков А.В. Начало в 11 ч. и 2 ч. 30 м. 22 Января Понед. Каштанка. Автор Браусевич. Композитор Дешевов В.М. Постановщик Шапиро С.Н. Художник Рыков А.В. Начало в 4 часа. 23 Января Вторник. По щучьему велению. Автор Тараховская. Композитор Гельфман М.Я. Постановщ. Деммени Е.С. Художник и скульптор Павлович И.П. Начало в 4 часа. 24 Января Среда. Илья Муромец. Автор Карнаухова И.В. и Туберовский М.Д. Композитор Пейсин А.Я. Постановщик Шапиро С.Н. Художник Григорьев М.А. Начало в 4 часа. 25 Января Четверг. Шелковая кисточка. Автор Карнаухов И.В. Художн. Григорьев М.А. Постановщик Шапиро С.Н. Скульптор Константиновская Н.Н. Композитор Локшин А.Л. Начало в 4 часа | ||
| 327 | 1 | _a27 Января Суббота. Каштанка. Автор Браусевич. Композитор Дешевов В.М. Постановщик Шапиро С.Н. Художник Рыков А.В. Начало в 4 часа. 28 января Воскрес. Каштанка. Автор Браусевич. Композитор Дешевов В.М. Постановщик Шапиро С.Н. Художник Рыков А.В. Начало в 11 ч., 2 ч. 30 м. и 6 ч. 30 Января Вторник. Каштанка. Автор Браусевич. Композитор Дешевов В.М. Постановщик Шапиро С.Н. Художник Рыков А.В. Начало в 4 ч. 31 января Среда. Каштанка. Автор Браусевич. Композитор Дешевов В.М. Постановщик Шапиро С.Н. Художник Рыков А.В. Начало в 4 ч. В спектаклях участвуют: Беляков В.Г., Белякова Т.С., Бровман М.Г. [и др.]. Художественный руководитель театра Шапиро С.Н. | |
| 606 | 1 |
_aТеатральная жизнь _yЛенинград, город _z1941 - 1944 _jАфиши _2nlr_sh2 _3RU\NLR\AUTH\6601649837 |
|
| 686 | _aЩ333(2Р=Рус)7- 692Ленинград | ||
| 710 | 0 | 2 |
_aЛенинградский театр кукол _3RU\NLR\AUTH\889922815 |
| 852 |
_aNLR _jЛ3-330а/27/2/1945-январь |
||
| 856 | 0 | _uhttp://vivaldi.nlr.ru/la700000029/view | |
| 856 | 1 | _uhttp://vivaldi.nlr.ru/la700000029/cover | |
| 856 | 2 | _uhttp://vivaldi.nlr.ru/la700000029/text | |
| 942 | _cVISUAL | ||
| 945 | _aРоссийская национальная библиотека | ||
| 980 | _aNB | ||
| 980 | _aBV | ||
| 980 | 3 | _akplen | |
| 980 | 3 | _akp | |
| 981 | 3 | 7 |
_a(37) Ленинград в Великой Отечественной войне _b(37) Афиши блокадного Ленинграда |